00645nam a2200169Ia 4500003000400000005001700004008004100021020001500062050002300077100002000100245018000120260003200300300002800332440000600360650004900366650006000415OSt20140321143123.0140130s9999 xx 000 0 und d a0439404177 aLB 1181b.L86 2004 aLunsford, Susan cSusan LunsfordaTeaching with favorite Read-Alouds in kindergarten :b50 must-have books with lessons and activities that build skills in vocabulary, comprehension, and more / bScholastic,c2004.aU.S.A : a95 p. :bill. ;c27 cm. v1 aLanguage arts (Kindergarten)vUnited States. aEducation, PreschoolvUnited States.xActivity programs